<?xml version="1.0" encoding="UTF-8"?>
<record
    xmlns:xsi="http://www.w3.org/2001/XMLSchema-instance"
    xsi:schemaLocation="http://www.loc.gov/MARC21/slim http://www.loc.gov/standards/marcxml/schema/MARC21slim.xsd"
    xmlns="http://www.loc.gov/MARC21/slim">

  <leader>01324nam a2200205 i 4500</leader>
  <controlfield tag="001">164603</controlfield>
  <controlfield tag="003">ES-MaACL</controlfield>
  <controlfield tag="005">20250809015522.0</controlfield>
  <controlfield tag="008">950206m18991910sp           |||| | spa d</controlfield>
  <datafield tag="100" ind1="1" ind2=" ">
    <subfield code="a">S&#xE1;nchez Rom&#xE1;n, Felipe.</subfield>
    <subfield code="9">102897</subfield>
  </datafield>
  <datafield tag="245" ind1="1" ind2="0">
    <subfield code="a">Estudios de derecho civil </subfield>
    <subfield code="b">: seg&#xFA;n los principios, los precedentes y cuerpos legales del antiguo derecho de Castilla, las leyes civiles generales, las especialidades de las legislaciones forales, la jurisprudencia del Tribunal Supremo de Justicia y el C&#xF3;digo civil, e historia general de la legislaci&#xF3;n espa&#xF1;ola / </subfield>
    <subfield code="c">por Felipe S&#xE1;nchez Rom&#xE1;n.</subfield>
  </datafield>
  <datafield tag="250" ind1=" " ind2=" ">
    <subfield code="a">2&#xAA; ed., ref., corr. y aum.</subfield>
  </datafield>
  <datafield tag="260" ind1=" " ind2=" ">
    <subfield code="a">Madrid : </subfield>
    <subfield code="b">[s.n.], </subfield>
    <subfield code="c">1899-1910 (</subfield>
    <subfield code="f">Estab. Tip. "Sucesores de Rivadeneyra")</subfield>
  </datafield>
  <datafield tag="300" ind1=" " ind2=" ">
    <subfield code="a">7 t. en 10 v. ; </subfield>
    <subfield code="c">24 cm.</subfield>
  </datafield>
  <datafield tag="505" ind1="0" ind2=" ">
    <subfield code="a">1. Introducci&#xF3;n. Historia general de legislaci&#xF3;n espa&#xF1;ola - 2. Parte general - 3. Derechos reales. Derecho de la propiedad y sus modificaciones - 4. Derecho de la obligaciones. Derecho de la contrataci&#xF3;n - 5. Derecho de familia (2 v.) - 6. Derecho de sucesiones ("Causa mortis") (3 v. ) - [7]. Ap&#xE9;ndice</subfield>
  </datafield>
  <datafield tag="650" ind1="0" ind2="4">
    <subfield code="a">Derecho civil-</subfield>
    <subfield code="z">Espa&#xF1;a</subfield>
    <subfield code="9">11659</subfield>
  </datafield>
  <datafield tag="650" ind1="0" ind2="4">
    <subfield code="a">Derecho-</subfield>
    <subfield code="z">Espa&#xF1;a-</subfield>
    <subfield code="v">Historia</subfield>
    <subfield code="9">11614</subfield>
  </datafield>
  <datafield tag="852" ind1=" " ind2=" ">
    <subfield code="a">ES-MaACL</subfield>
    <subfield code="j">B-5322-31     </subfield>
    <subfield code="z">- Enc. pasta espa&#xF1;ola, conservando cub. original</subfield>
  </datafield>
  <datafield tag="999" ind1=" " ind2=" ">
    <subfield code="c">164603</subfield>
    <subfield code="d">164603</subfield>
  </datafield>
  <datafield tag="952" ind1=" " ind2=" ">
    <subfield code="0">0</subfield>
    <subfield code="1">0</subfield>
    <subfield code="4">0</subfield>
    <subfield code="7">0</subfield>
    <subfield code="8">LIBXIX</subfield>
    <subfield code="a">ATENEOM</subfield>
    <subfield code="b">ATENEOM</subfield>
    <subfield code="c">SPB</subfield>
    <subfield code="d">2008-01-17</subfield>
    <subfield code="l">0</subfield>
    <subfield code="o">B-5322-31</subfield>
    <subfield code="p">1172547</subfield>
    <subfield code="r">2023-02-23 00:00:00</subfield>
    <subfield code="w">2023-02-23</subfield>
    <subfield code="y">MONANT</subfield>
  </datafield>
</record>
